Sociologie des religions : Domaines et approches (notice n° 1925175)
[ vue normale ]
| 000 -LEADER | |
|---|---|
| fixed length control field | 01328cam a2200145 4500500 |
| 005 - DATE AND TIME OF LATEST TRANSACTION | |
| control field | 20260329023149.0 |
| 041 ## - LANGUAGE CODE | |
| Language code of text/sound track or separate title | fre |
| 042 ## - AUTHENTICATION CODE | |
| Authentication code | dc |
| 100 10 - MAIN ENTRY--PERSONAL NAME | |
| Personal name | Bobineau, Olivier |
| Relator term | author |
| 245 00 - TITLE STATEMENT | |
| Title | Sociologie des religions : Domaines et approches |
| 260 ## - PUBLICATION, DISTRIBUTION, ETC. | |
| Name of publisher, distributor, etc. | Armand Colin,<br/> |
| Date of publication, distribution, etc. | 2012.<br/> |
| 520 ## - SUMMARY, ETC. | |
| Summary, etc. | Comment comprendre le « retour » du religieux ? Religions et modernité ne seraient donc pas incompatibles ? Qu’est-ce qui a changé depuis les temps de la sécularisation et de la laïcité triomphante ? Faut-il chercher la réponse du côté d’une étonnante faculté d’adaptation des religions ou des angoisses sociales et des désarrois individuels ? Cette 2e édition refondue propose des grilles de lecture et d’interprétation aptes à cibler les interactions du social et du religieux. C’est à ce besoin que la sociologie des religions s’est efforcée de répondre, dans la diversité de ses approches et de ses terrains. Comment s’est-elle développée depuis Durkheim et Weber ? Quels sont ses grands représentants actuels, ses débats, ses acquis ? Que dit-elle du phénomène religieux dans nos sociétés contemporaines ? |
| 700 10 - ADDED ENTRY--PERSONAL NAME | |
| Personal name | Tank-Storper, Sébastien |
| Relator term | author |
| 856 41 - ELECTRONIC LOCATION AND ACCESS | |
| Uniform Resource Identifier | <a href="https://shs.cairn.info/sociologie-des-religions--9782200277529?lang=fr&redirect-ssocas=7080">https://shs.cairn.info/sociologie-des-religions--9782200277529?lang=fr&redirect-ssocas=7080</a> |
Pas d'exemplaire disponible.




Réseaux sociaux